000
00260nam a2200109Ia 4500
008
220204s9999 xx 000 0 und d
082
_a
82-3KAF
_b
KAF
100
_a
Kafka, Franz
245
0
_a
Trial etc
260
_a
London
_b
Secker and Warburg
_c
1976
942
_c
BK
999
_c
30584
_d
30584